Polyandry in Ceylon : (Record no. 343)
[ view plain ]
| 000 -LEADER | |
|---|---|
| fixed length control field | 00550cam a2200193 a 4500 |
| 001 - CONTROL NUMBER | |
| control field | 16977812 |
| 005 - DATE AND TIME OF LATEST TRANSACTION | |
| control field | 20240208051503.0 |
| 008 - FIXED-LENGTH DATA ELEMENTS--GENERAL INFORMATION | |
| fixed length control field | 110927s2011 ce a b 000 0 eng |
| 020 ## - INTERNATIONAL STANDARD BOOK NUMBER | |
| ISBN | 9789551772956 |
| 040 ## - CATALOGING SOURCE (பட்டியலாக்க மூலம்) | |
| Original cataloging agency | DLC |
| Transcribing agency | DLC |
| Modifying agency | DLC |
| 082 ## - DDC Classification | |
| DDC Edition Number | 22 |
| Class No. | 306.8. |
| Item Number - Author Mark | TAM. |
| 100 1# - MAIN ENTRY--PERSONAL NAME | |
| Personal name | Tambiah, Stanley Jeyaraja, |
| 245 10 - TITLE STATEMENT | |
| Title | Polyandry in Ceylon : |
| Remainder of title | with special reference to the Laggala region / |
| Statement of responsibility, etc. | S.J. Tambiah. |
| 260 ## - PUBLICATION, DISTRIBUTION, ETC. | |
| Place of publication, distribution, etc. | Colombo : |
| Name of publisher, distributor, etc. | Social Scientists Association, |
| Date of publication, distribution, etc. | 2011. |
| 300 ## - PHYSICAL DESCRIPTION | |
| Extent (e.g. Volumes, Pages etc.) | 99 p. : |
| 650 #0 - SUBJECT ADDED ENTRY--TOPICAL TERM | |
| Topical term or geographic name entry element | Polyandry |
| 650 #0 - SUBJECT ADDED ENTRY--TOPICAL TERM | |
| Topical term or geographic name entry element | Polyandry |
| 942 ## - Koha item type (Biblio) | |
| Koha item type | Books in Stacks (Lending) |
| Lost status | Damaged status | Collection code | Home library | Current library | Date acquired | Full call number | Accession Number | Item type |
|---|---|---|---|---|---|---|---|---|
| Lending | WERC Library | WERC Library | 02/08/2024 | 306.8. TAM. | 6725 | Books in Stacks (Lending) |
